000 00571cam a2200181 4500
001 ##L132432
008 060208n1971 000 0 eng u
035 _a(Sirsi) u132432
041 0 _aeng
050 0 4 _a333.332092 $2 18
110 2 _aIncorporated Society of Valuers and Auctioneers
_91201
245 0 0 _aVisitors book
260 _a[S.l.]
_b[s.n.]
_c1971
300 _a1
_fv
_c17p.
520 _aHandwritten log of members visiting the Incorporated Society of Valuers and Auctioneers from 1966 to 1971.
690 _aABOUT RICS-RELATED ORGANISATIONS
942 _n0
999 _c105134
_d105134